Città delle Marche - Morte improvvisa - Statistics

Statistiche generali
  • Questo quiz è stato fatto 295 volte
  • Il punteggio medio è 11 su 25
Answers on the Grid
Answers color-coded by a green-red scale on the quiz's grid according to % correct below.
Alba Adriatica
Amatrice
Ancona
Ascoli Piceno
Camerino
Castelfidardo
Città di Castello
Civitanova Marche
Civitella del Tronto
Corridonia
Deruta
Fabriano
Fano
Fermo
Foligno
Grottammare
Jesi
Jesolo
Lanciano
Macerata
Montecassiano
Osimo
Pergola
Pesaro
Porto Empedocle
Porto San Giorgio
Porto Sant'Elpidio
Predappio
Recanati
Riccione
Rimini
San Benedetto del Tronto
Senigallia
Spoleto
Teramo
Terni
Tolentino
Urbania
Urbino
Visso
 
Statistiche sulle risposte
Risposta % Corretto
Ancona
85%
Ascoli Piceno
81%
Civitanova Marche
73%
Camerino
57%
Fermo
54%
Pesaro
52%
Fabriano
51%
Macerata
51%
Senigallia
50%
Fano
49%
Jesi
48%
Urbino
48%
Recanati
47%
San Benedetto del Tronto
44%
Castelfidardo
40%
Porto San Giorgio
32%
Porto Sant'Elpidio
31%
Grottammare
27%
Osimo
27%
Corridonia
25%
Urbania
22%
Tolentino
19%
Pergola
15%
Visso
15%
Montecassiano
14%
Nessun quiz corrispondente trovato
Distribuzione punteggi
Percentuale di utenti per punteggio
Percentile per numero di risposta
I tuoi punteggi nel tempo
Non hai fatto questo quiz